[Event "60th Rubinstein Memorial"]
[Site "Polanica Zdroj POL"]
[Date "2024.08.23"]
[Round "7.2"]
[White "Fedoseev, Vladimir"]
[Black "Bartel, Mateusz"]
[WhiteElo "2687"]
[BlackElo "2630"]
[Result "1-0"]
[EventDate "2024.08.17"]
[PlyCount "177"]
1.d4 d5 2.Nf3 e6 3.Bf4 c5 4.c3 Nc6 5.e3 Bd6 6.Bg3 Nge7 7.Bd3 c4 8.Bc2 Nf5 9.a4 h5 10.Nbd2 Be7 11.e4 h4 12.Bf4 Nh6 13.Qe2 Kf8 14.Ne5 Bd7 15.Nxd7+ Qxd7 16.Nf3 f5 17.exd5 exd5 18.O-O Nf7 19.Qd2 g6 20.a5 Kg7 21.Ba4 Bf6 22. Rfe1 Rae8 23.Ne5 Bxe5 24.dxe5 Re6 25.Be3 h3 26.f4 hxg2 27.Rad1 Qd8 28.Qxd5 Qh4 29.Qxg2 g5 30.Bf2 Qh5 31.Rd7 Ne7 32.h4 Ng6 33.Qxg5 Qxg5+ 34.fxg5 Nxh4 35.Re3 Kg6 36.Rd4 Rxe5 37.Bd1 Rxe3 38.Bxe3 Ne5 39.Rd6+ Kf7 40.Rd5 Nhg6 41. Bxa7 Ke6 42.Rb5 Rh7 43.Bd4 f4 44.Rb6+ Kf5 45.Bc2+ Nd3 46.Bd1 Nge5 47.Bxe5 Nxe5 48.g6 Rd7 49.Bc2+ Kg4 50.Kf1 Kf3 51.Re6 Ng4 52.Be4+ Kg3 53.Ke2 Nh2 54.Rf6 Re7 55.Kd2 Ng4 56.Rb6 Rxe4 57.g7 Re8 58.Rxb7 f3 59.Rf7 Rd8+ 60.Kc1 Ne3 61.b4 f2 62.b5 f1=Q+ 63.Rxf1 Nxf1 64.b6 Nd2 65.g8=Q+ Rxg8 66.Kxd2 Rd8+ 67.Ke3 Rd3+ 68.Ke4 Rxc3 69.a6 Rb3 70.a7 Rxb6 71.a8=Q Re6+ 72.Kd4 Rg6 73. Qe8 Rg4+ 74.Ke3 c3 75.Qc8 c2 76.Qxc2 Rg5 77.Qe4 Rg4 78.Qf5 Kh4 79.Qe5 Rg5 80.Qh2+ Kg4 81.Ke4 Rg6 82.Qg2+ Kh5 83.Qh3+ Kg5 84.Ke5 Rg7 85.Qg3+ Kh6 86. Qh4+ Kg6 87.Ke6 Ra7 88.Qe4+ Kh5 89.Qh1+ 1-0

[Event "60th Rubinstein Memorial"]
[Site "Polanica Zdroj POL"]
[Date "2024.08.23"]
[Round "7.4"]
[White "Volokitin, Andrei"]
[Black "Shankland, Sam"]
[WhiteElo "2667"]
[BlackElo "2669"]
[Result "1-0"]
[EventDate "2024.08.17"]
[PlyCount "91"]
1.e4 e5 2.Nf3 Nc6 3.Bb5 a6 4.Ba4 d6 5.O-O Bd7 6.d4 Nf6 7.Nc3 b5 8.dxe5 Nxe5 9.Bb3 Be7 10.Nxe5 dxe5 11.Nd5 O-O 12.Nxf6+ Bxf6 13.Be3 Qe7 14.Qd5 Rfd8 15.Qc5 Be6 16.Qxe7 Bxe7 17.Bxe6 fxe6 18.Rfd1 Kf7 19.Kf1 Rxd1+ 20.Rxd1 Rd8 21.Rc1 Kg6 22.Ke2 c5 23.a4 b4 24.b3 c4 25.bxc4 Rc8 26.Kd3 Rd8+ 27.Ke2 Rc8 28.c3 b3 29.Kd3 Rd8+ 30.Ke2 Rc8 31.Rb1 Rxc4 32.Kd3 Rxa4 33.Rxb3 Kf7 34.Rb7 Ke8 35.c4 Ra3+ 36.Kc2 Ra4 37.Kb3 Ra3+ 38.Kb2 Ra4 39.c5 a5 40.Kc3 Ra3+ 41.Kc4 a4 42.c6 Ra2 43.Rb8+ Kf7 44.Kd3 Ra3+ 45.Kc2 Bd6 46.c7 1-0

[Event "60th Rubinstein Memorial"]
[Site "Polanica Zdroj POL"]
[Date "2024.08.23"]
[Round "7.5"]
[White "Sarana, Alexey"]
[Black "Harikrishna, Pentala"]
[WhiteElo "2717"]
[BlackElo "2692"]
[Result "1/2-1/2"]
[EventDate "2024.08.17"]
[PlyCount "63"]
1.d4 Nf6 2.c4 e6 3.Nc3 Bb4 4.e3 c5 5.Bd3 cxd4 6.exd4 d5 7.cxd5 Nxd5 8.Bd2 Bd7 9.a3 Bd6 10.Qg4 Nf6 11.Qxg7 Rg8 12.Qh6 Bc6 13.Nf3 Nbd7 14.Qh3 Qb6 15. b4 a6 16.Be3 Ng4 17.Ne4 Bxe4 18.Bxe4 Ndf6 19.Bd3 Nd5 20.Nd2 Bf4 21.Nc4 Qc6 22.O-O Bxh2+ 23.Kh1 Nf4 24.Ne5 Nxe5 25.Bxf4 Bxf4 26.dxe5 Rd8 27.Rad1 Bxe5 28.Kg1 h6 29.Be2 Ke7 30.Bf3 Qb6 31.Qh4+ Bf6 32.Qe4 1/2-1/2

[Event "60th Rubinstein Memorial"]
[Site "Polanica Zdroj POL"]
[Date "2024.08.24"]
[Round "8.2"]
[White "Bartel, Mateusz"]
[Black "Volokitin, Andrei"]
[WhiteElo "2630"]
[BlackElo "2667"]
[Result "0-1"]
[EventDate "2024.08.17"]
[PlyCount "94"]
1.e4 c5 2.Nc3 d6 3.f4 g6 4.d4 cxd4 5.Qxd4 Nf6 6.e5 Nc6 7.Bb5 Nh5 8.Nf3 Bg7 9.Qe3 O-O 10.Bd2 Bg4 11.O-O-O dxe5 12.fxe5 Qb6 13.Bxc6 Qxe3 14.Bxe3 bxc6 15.Bc5 Nf4 16.Rd4 Bxf3 17.gxf3 Bxe5 18.Rd7 Bxc3 19.bxc3 Rfd8 20.Rxe7 Rd5 21.Bd4 c5 22.Bf2 Rf5 23.Rhe1 Ne6 24.Re3 c4 25.Rb7 a6 26.Bg3 h5 27.a4 Rc8 28.Kb2 Ng5 29.f4 Ne6 30.Re4 Rc6 31.Rb4 h4 32.Bxh4 Rxf4 33.Rxf4 Nxf4 34.a5 Nd5 35.Rb8+ Kg7 36.Bf2 f5 37.Rb6 Nxb6 38.axb6 Rc8 39.Ka3 Kf6 40.Kb4 Ke5 41.Ka5 Kd5 42.Kxa6 Kc6 43.Ka7 Rd8 44.h4 Rd7+ 45.Ka6 Rd1 46.Ka7 f4 47.Ka8 Rd7 0-1

[Event "60th Rubinstein Memorial"]
[Site "Polanica Zdroj POL"]
[Date "2024.08.24"]
[Round "8.3"]
[White "Navara, David"]
[Black "Duda, Jan-Krzysztof"]
[WhiteElo "2674"]
[BlackElo "2733"]
[Result "1-0"]
[EventDate "2024.08.17"]
[PlyCount "123"]
1.d4 Nf6 2.c4 e6 3.Nf3 d5 4.Nc3 c5 5.cxd5 Nxd5 6.e4 Nxc3 7.bxc3 cxd4 8. cxd4 Bb4+ 9.Bd2 Bxd2+ 10.Qxd2 O-O 11.Bc4 Nd7 12.O-O b6 13.Rad1 Bb7 14.Rfe1 Rc8 15.Bb3 Re8 16.h3 Nf6 17.Qf4 Qc7 18.Ne5 Re7 19.g4 Nd7 20.Rc1 Qd6 21. Rxc8+ Bxc8 22.Ng6 Qxf4 23.Nxf4 Bb7 24.f3 Kf8 25.Rc1 Nf6 26.Kf2 Ne8 27.g5 Rc7 28.Rxc7 Nxc7 29.Ke3 Bc8 30.h4 f6 31.Nh5 Kf7 32.f4 Kg6 33.Ng3 fxg5 34. fxg5 Na6 35.Kf4 Nb4 36.h5+ Kf7 37.Nf5 Kf8 38.Nd6 Bd7 39.h6 Nc6 40.Ba4 gxh6 41.gxh6 Ke7 42.Bxc6 Bxc6 43.Nc8+ Kf6 44.Nxa7 Bd7 45.d5 e5+ 46.Ke3 Ke7 47. Nc6+ Kd6 48.Nb4 Bb5 49.Nd3 Bc4 50.a3 Bb5 51.Nf2 Bd7 52.Kf3 Be8 53.Ke3 Bd7 54.Kd2 Ke7 55.Nd3 Kf6 56.Nb2 Bh3 57.Na4 b5 58.Nc5 Kg5 59.d6 Kxh6 60.d7 Bxd7 61.Nxd7 Kg5 62.Ke3 1-0

[Event "60th Rubinstein Memorial"]
[Site "Polanica Zdroj POL"]
[Date "2024.08.24"]
[Round "8.4"]
[White "Harikrishna, Pentala"]
[Black "Fedoseev, Vladimir"]
[WhiteElo "2692"]
[BlackElo "2687"]
[Result "1/2-1/2"]
[EventDate "2024.08.17"]
[PlyCount "84"]
1.e4 c6 2.Nf3 d5 3.Nc3 Bg4 4.d4 e6 5.Be2 Be7 6.h3 Bh5 7.exd5 cxd5 8.g4 Bg6 9.h4 Nc6 10.Bb5 Be4 11.Nxe4 dxe4 12.Bxc6+ bxc6 13.Ne5 Bd6 14.Nc4 Bc7 15. Qe2 Qd5 16.b3 e3 17.f3 h5 18.g5 Ne7 19.c3 c5 20.Nxe3 Qc6 21.dxc5 Rd8 22. Nc4 Nf5 23.Qe4 Rd5 24.Bf4 Qxc5 25.Rd1 Bxf4 26.Qxf4 O-O 27.Rxd5 Qxd5 28.Ne3 Qd3 29.Nxf5 exf5 30.Kf2 Re8 31.Re1 Qc2+ 32.Kf1 Qd3+ 33.Kf2 Qc2+ 34.Kf1 Rxe1+ 35.Kxe1 Qb1+ 36.Kf2 Qxa2+ 37.Kg3 Qxb3 38.Qc7 Qe6 39.c4 Qe1+ 40.Kg2 Qd2+ 41.Kh3 Qd3 42.Kg3 a5 1/2-1/2

[Event "60th Rubinstein Memorial"]
[Site "Polanica Zdroj POL"]
[Date "2024.08.24"]
[Round "8.5"]
[White "Wojtaszek, Radoslaw"]
[Black "Sarana, Alexey"]
[WhiteElo "2680"]
[BlackElo "2717"]
[Result "1/2-1/2"]
[EventDate "2024.08.17"]
[PlyCount "61"]
1.d4 Nf6 2.c4 e6 3.Nf3 d5 4.g3 Be7 5.Bg2 O-O 6.O-O c6 7.Qc2 b6 8.Bf4 Nbd7 9.cxd5 cxd5 10.Rc1 Bb7 11.Bc7 Qe8 12.Qb3 Ne4 13.Nc3 Nxc3 14.Rxc3 Nb8 15.a4 Na6 16.Bf4 Bb4 17.Rc2 Qe7 18.Rac1 Rfc8 19.Bf1 Bd6 20.Bxd6 Qxd6 21.e3 Nb4 22.Rxc8+ Rxc8 23.Rxc8+ Bxc8 24.Qc3 Bb7 25.Ne5 f6 26.Nd3 Nxd3 27.Bxd3 Qc6 28.Qxc6 Bxc6 29.b3 g5 30.f4 h6 31.Kf2 1/2-1/2

[Event "60th Rubinstein Memorial"]
[Site "Polanica Zdroj POL"]
[Date "2024.08.25"]
[Round "9.2"]
[White "Shankland, Sam"]
[Black "Bartel, Mateusz"]
[WhiteElo "2669"]
[BlackElo "2630"]
[Result "1-0"]
[EventDate "2024.08.17"]
[PlyCount "69"]
1.Nf3 d5 2.g3 b6 3.Bg2 Bb7 4.O-O e6 5.d3 Nf6 6.Nbd2 Be7 7.e4 dxe4 8.dxe4 O-O 9.Qe2 Nc6 10.e5 Nd7 11.Rd1 Qc8 12.Nf1 Rd8 13.h4 Nc5 14.Bf4 Rxd1 15. Rxd1 Qe8 16.h5 h6 17.N1h2 Rd8 18.Ng4 Nb4 19.a3 Ba6 20.c4 Nbd3 21.Bxh6 gxh6 22.b4 Bxc4 23.bxc5 Nf4 24.Qc2 Rxd1+ 25.Qxd1 Nxg2 26.Nf6+ Bxf6 27.exf6 Nf4 28.gxf4 Kh8 29.Ne5 Qg8+ 30.Kh2 Bd5 31.f3 b5 32.Qd2 Qf8 33.Qb2 Qe8 34.c6 Qg8 35.Qb4 1-0

[Event "60th Rubinstein Memorial"]
[Site "Polanica Zdroj POL"]
[Date "2024.08.25"]
[Round "9.3"]
[White "Sarana, Alexey"]
[Black "Navara, David"]
[WhiteElo "2717"]
[BlackElo "2674"]
[Result "1/2-1/2"]
[EventDate "2024.08.17"]
[PlyCount "61"]
1.d4 Nf6 2.c4 g6 3.Nc3 d5 4.cxd5 Nxd5 5.e4 Nxc3 6.bxc3 Bg7 7.Be3 c5 8.Qd2 Qa5 9.Rc1 cxd4 10.cxd4 Qxd2+ 11.Bxd2 O-O 12.Nf3 Bg4 13.Be3 Bxf3 14.gxf3 e6 15.Bb5 a6 16.Ba4 b5 17.Bb3 a5 18.Rc5 Rd8 19.Ke2 a4 20.Bc2 Bxd4 21.Bxd4 Na6 22.Rxb5 Rxd4 23.Rd1 Rb4 24.Rb1 Rc8 25.Bd3 Rd4 26.Rb6 Nc5 27.Rb8 Rxb8 28. Rxb8+ Kg7 29.Bc2 e5 30.Rb5 Ne6 31.Rxe5 1/2-1/2

[Event "60th Rubinstein Memorial"]
[Site "Polanica Zdroj POL"]
[Date "2024.08.25"]
[Round "9.4"]
[White "Fedoseev, Vladimir"]
[Black "Wojtaszek, Radoslaw"]
[WhiteElo "2687"]
[BlackElo "2680"]
[Result "1/2-1/2"]
[EventDate "2024.08.17"]
[PlyCount "120"]
1.d4 Nf6 2.Nf3 d5 3.Bf4 c5 4.e3 Nc6 5.Nbd2 Bg4 6.c3 e6 7.Qb3 Qc8 8.h3 Bh5 9.Be2 h6 10.a4 Be7 11.dxc5 Nd7 12.Qd1 e5 13.Bg3 e4 14.Nd4 Bxe2 15.Nxe2 Nxc5 16.O-O O-O 17.Nb3 Rd8 18.Nf4 Qf5 19.Nxc5 Bxc5 20.Qg4 Qxg4 21.hxg4 Rd7 22.Rfd1 Rad8 23.Kf1 Ne5 24.Ne6 fxe6 25.Bxe5 Rf7 26.Ke2 Rdf8 27.Rf1 h5 28. gxh5 Rf5 29.Bg3 Rxh5 30.Rfd1 Rc8 31.a5 a6 32.Ra4 Be7 33.Bf4 Kf7 34.f3 exf3+ 35.Kxf3 Ke8 36.g4 Rh8 37.e4 dxe4+ 38.Rxe4 Rf8 39.Kg3 Rc6 40.Be5 Bf6 41.Bxf6 gxf6 42.Rb4 Rf7 43.Rh1 Kd8 44.Rh8+ Kc7 45.Rf4 e5 46.Rf5 Rg7 47.Rh6 Rc4 48.Rhxf6 Rcxg4+ 49.Kf3 Rg1 50.Ke4 Ra1 51.Rxe5 Re1+ 52.Kf5 Rg5+ 53.Kxg5 Rxe5+ 54.Rf5 Re2 55.b4 Kd6 56.Rf4 Rc2 57.Rd4+ Ke5 58.Rd3 Rg2+ 59.Kh6 Ke6 60.Rd4 Rg3 1/2-1/2

[Event "60th Rubinstein Memorial"]
[Site "Polanica Zdroj POL"]
[Date "2024.08.25"]
[Round "9.5"]
[White "Volokitin, Andrei"]
[Black "Harikrishna, Pentala"]
[WhiteElo "2667"]
[BlackElo "2692"]
[Result "1/2-1/2"]
[EventDate "2024.08.17"]
[PlyCount "40"]
1.e4 e6 2.d4 d5 3.Nc3 Nf6 4.e5 Nfd7 5.f4 c5 6.Nf3 Nc6 7.Be3 cxd4 8.Nxd4 Qb6 9.Qd2 Qxb2 10.Rb1 Qa3 11.Bb5 Nxd4 12.Bxd4 a6 13.Bxd7+ Bxd7 14.Rb3 Qe7 15.Rxb7 Qd8 16.Bb6 Qc8 17.Rc7 Qd8 18.Rb7 Qc8 19.Rc7 Qd8 20.Rb7 Qc8 1/2-1/2